|
|
|
|
| LEADER |
00720nam a2200193 a 4500 |
| 001 |
GR-MES202 |
| 008 |
991111s1974 nyu 000 b eng d |
| 040 |
|
|
|a GrPaTEI
|b gre
|c GR-PaULI
|
| 082 |
|
0 |
|a 597.092 1
|2 21
|
| 100 |
1 |
|
|a Perlmutter, Alfred
|
| 245 |
1 |
0 |
|a Guide to marine fishes.
|
| 260 |
|
|
|a New York :
|b New York University,
|c 1974
|
| 300 |
|
|
|a 431 σ. :
|b εικ.
|
| 650 |
|
4 |
|a Θαλάσσια ψάρια
|
| 710 |
0 |
|
|a New York University
|
| 942 |
|
|
|2 ddc
|
| 952 |
|
|
|0 0
|1 0
|2 ddc
|4 0
|6 597_092000000000000_1_PER
|7 0
|9 263467
|a MSLG
|b MSLG
|c BSC
|d 2021-01-17
|e 24
|f 0
|g 0.00
|l 0
|o 597.092 1 PER
|p 2420000000012
|r 2021-01-17 00:00:00
|t 1
|w 2021-01-17
|y BK15
|x 20080905 0 1
|x GrPaTEI
|
| 971 |
|
|
|a .b25712433
|b 15-04-20
|c 13-09-16
|
| 999 |
|
|
|c 151661
|d 151661
|